000 00747nam a2200289Ia 4500
005 20260324135606.0
008 008 260324s9999 xx 000 0 eng d
020 _a9780203904107
037 _aEBOOK
040 _aCRL
040 _beng
040 _cCRL
041 _2eng
041 _aeng
084 _qCRL
100 _aW. Michael Byrd; Linda A. Clayton
_91201167
245 3 _aAn American Health Dilemma
245 2 _bA Medical History of African Americans and the Problem of Race: Beginnings to 1900
260 _bTaylor and Francis
260 _c2000
365 _a
365 _b230
856 _uhttp://www.taylorfrancis.com/books/9780203904107
942 _cEBOOK
999 _c1802415
_d1802415